000 00202 a2200097 4500
001 9070
090 _c7249
_d7249
100 _aKeats, J
245 _aKeats poetry and prose (Transfered to SOA)
260 _bOxford
942 _aNUST-CAE
999 _c244143
_d244143